000 00735nam a22002177a 4500
999 _c14472
_d14472
003 AR-CdUCM
008 190423b ||||| |||| 00| 0 spa d
020 _a978-607-618-295-6
040 _aMUNICIPALIDAD PROVINCIAL DEL CUSCO
_cBIBLIOTECA MUNICIPAL DEL CUSCO
082 _aPI / 808.6 /
_bB61
110 _aSilver Dolphin en español.
_933264
245 _aBlanca Nieves /
260 _aMéxico :
_bSilver Dolphin en español,
_c2014.
300 _c36 cm.
_a77 páginas ;
500 _aInspirador en la obra maestra de los Hermanos Grimm.
505 _aContenido :Blanca Nieves ...
650 _aCuentos infantiles
_93927
700 _aAdreani, Manuela (ilustraciones)
_931424
942 _2ddc
_cLIBROS
945 _arum
_d2019-04-23